<?xml version="1.0" encoding="UTF-8"?>
<record
    xmlns:xsi="http://www.w3.org/2001/XMLSchema-instance"
    xsi:schemaLocation="http://www.loc.gov/MARC21/slim http://www.loc.gov/standards/marcxml/schema/MARC21slim.xsd"
    xmlns="http://www.loc.gov/MARC21/slim">

  <leader>03420nam a2200325 i 4500</leader>
  <controlfield tag="003">DO-SdBNP</controlfield>
  <controlfield tag="005">20250529101234.0</controlfield>
  <controlfield tag="007">ta</controlfield>
  <controlfield tag="008">250529b2024    dr ac||| |||| 00| 0 spa d</controlfield>
  <datafield tag="020" ind1=" " ind2=" ">
    <subfield code="a">9789945938395</subfield>
  </datafield>
  <datafield tag="040" ind1=" " ind2=" ">
    <subfield code="a">DO-SdBNP</subfield>
    <subfield code="b">spa</subfield>
    <subfield code="c">BNPHU</subfield>
    <subfield code="e">rda</subfield>
  </datafield>
  <datafield tag="041" ind1=" " ind2=" ">
    <subfield code="a">spa</subfield>
  </datafield>
  <datafield tag="082" ind1=" " ind2="4">
    <subfield code="a">xxx</subfield>
    <subfield code="b">M385c</subfield>
    <subfield code="2">22</subfield>
  </datafield>
  <datafield tag="100" ind1="1" ind2=" ">
    <subfield code="a">Mart&#xED;nez Villanueva, Cristian  </subfield>
    <subfield code="e">autor</subfield>
    <subfield code="4">aut.</subfield>
    <subfield code="9">87283</subfield>
  </datafield>
  <datafield tag="245" ind1="1" ind2="0">
    <subfield code="a">Cita con el destino :</subfield>
    <subfield code="b">encuentros con Balaguer /</subfield>
    <subfield code="c">Cristian Mart&#xED;nez Villanueva (Crismar) ; apoyo fotogr&#xE1;fico, Guadalupe Casasnovas ; fotograf&#xED;a de contraportada, Suliman Chadirji. ; fotos del Parque Independencia, Onorio Mont&#xE1;s</subfield>
  </datafield>
  <datafield tag="250" ind1=" " ind2=" ">
    <subfield code="a">Primera edici&#xF3;n </subfield>
  </datafield>
  <datafield tag="264" ind1=" " ind2="4">
    <subfield code="a">Santo Domingo, Rep&#xFA;blica Dominicana :</subfield>
    <subfield code="b">Oc&#xE9;ano Azul Ediciones, </subfield>
    <subfield code="c">&#xA9;2024.</subfield>
  </datafield>
  <datafield tag="300" ind1=" " ind2=" ">
    <subfield code="a">315 p&#xE1;ginas :</subfield>
    <subfield code="b">ilustraciones, fotograf&#xED;as ;</subfield>
    <subfield code="c">26 cm.</subfield>
  </datafield>
  <datafield tag="336" ind1=" " ind2=" ">
    <subfield code="a">texto</subfield>
    <subfield code="b">txt</subfield>
    <subfield code="2">rdacontent </subfield>
  </datafield>
  <datafield tag="337" ind1=" " ind2=" ">
    <subfield code="a">sin mediaci&#xF3;n </subfield>
    <subfield code="b">n</subfield>
    <subfield code="2">rdamedia </subfield>
  </datafield>
  <datafield tag="338" ind1=" " ind2=" ">
    <subfield code="a">volumen  </subfield>
    <subfield code="b">nc</subfield>
    <subfield code="2">rdacarrier </subfield>
  </datafield>
  <datafield tag="500" ind1=" " ind2=" ">
    <subfield code="a">Incluye datos biogr&#xE1;ficos del autor en la solapa de la cubierta.</subfield>
  </datafield>
  <datafield tag="505" ind1=" " ind2=" ">
    <subfield code="a">Presentaci&#xF3;n, 11.-- Un sorpresivo encuentro, 13.-- El "Uno de tantos", 21.--La carta de Balaguer, 27.-- Se decide el emplazamiento del Mirador del Sur, 31.-- Primer conflicto con mi partida, 39.-- El maco del Mirador, 47.-- El enano guardi&#xE1;n, 51.-- Un encuentro sorpresivo en alas de la poes&#xED;a, 57.-- Bajo una mata de flamboy&#xE1;n, 63.-- La vista de la ciudad desde el Mirador, 69.-- Lodazal en la avenida Anacaona, 73.-- El Cristo de Isabel de Torres y los jardines, 85.-- La periodista italiana, 91.-- &#xA1;&#xC1;frica ruge!, 95.-- El pelo de cuca, 99.-- Los tiburones de La Caleta, 103.-- El presidente se r&#xED;e de c&#xF3;mo un pescador, aparentemente ignorante, enga&#xF1;&#xF3; a todos los expertos, 109.-- Bobby, 115.-- La mecedora vac&#xED;a, 119.-- El p&#xE9;same de Beny&#xED;, 123.-- Un maestro de obras y el retrato de Balaguer, 127.-- Un gui&#xF1;o de aprobaci&#xF3;n, 131.-- El telef&#xE9;rico de Puerto Plata, 139.-- El ingeniero de os zapatos azules, 145-- La libreta del pulpero, 151.-- La espada en el recuerdo, 155.-- Un concierto fuera de r&#xE9;cord, 159.-- Las estatuas del Teatro Nacional, 163.-- La lluvia de Saman&#xE1;, 167.-- Visita sorpresa al Baluarte del Conde, 175.-- Se comienza la discusi&#xF3;n sobre el dise&#xF1;o del Altar de la Patria, 181.-- La duda razonable, 187.-- No se encuentra el foso, 193.-- Un general me ordena cerrar la excavaci&#xF3;n, 197.-- &#xA1;Aparece el foso!, 201.-- Las excavaciones arqueol&#xF3;gicas en la zona, 205.-- Frente a la glorieta del parque, 209.-- Las estatuas de los pr&#xF3;ceres y Duarte, 215.-- Todo el &#xE1;rea Altar de la Patria, 221.-- De c&#xF3;mo me di cuenta de la falta de visi&#xF3;n de Balaguer, 225.-- Escepticismo en la b&#xFA;squeda de La Isabela, 233.-- Frente a la casa del almirante, 239.-- Cruxent y Balaguer, 251.-- El halo de misterio, 257.-- El due&#xF1;o del lago, 261.-- El malec&#xF3;n colora&#x2019; o, 265.-- &#xA1;Jaque Mate!, 269.-- Ecologista "ante literam", 273.-- Un paseo por la antigua Grecia, 279.-- Duro de caer, 285.-- Una asunto peliagudo, 291.-- Obras que se quedaron en el tintero, 297.-- En su estudio, los &#xFA;ltimos meses y su preocupaci&#xF3;n por la ciudad frente a la improvisaci&#xF3;n, 305.-- A pasito lento, 311.</subfield>
  </datafield>
  <datafield tag="590" ind1=" " ind2=" ">
    <subfield code="a">Inventariado , 2025 /LP</subfield>
  </datafield>
  <datafield tag="700" ind1="1" ind2=" ">
    <subfield code="a">Casasnovas, Guadalupe,</subfield>
    <subfield code="e">fotogr&#xE1;fo</subfield>
    <subfield code="4">fot.</subfield>
    <subfield code="9">34369</subfield>
  </datafield>
  <datafield tag="700" ind1="1" ind2=" ">
    <subfield code="a">Chadirji, Suliman</subfield>
    <subfield code="e">fot&#xF3;grafo </subfield>
    <subfield code="4">fot.</subfield>
    <subfield code="9">87902</subfield>
  </datafield>
  <datafield tag="700" ind1="1" ind2=" ">
    <subfield code="a">Mont&#xE1;s, Onorio, </subfield>
    <subfield code="e">fot&#xF3;grafo </subfield>
    <subfield code="4">fot.</subfield>
    <subfield code="9">59042</subfield>
  </datafield>
  <datafield tag="910" ind1=" " ind2=" ">
    <subfield code="a">LP</subfield>
  </datafield>
  <datafield tag="942" ind1=" " ind2=" ">
    <subfield code="2">ddc</subfield>
    <subfield code="c">LBS1</subfield>
  </datafield>
  <datafield tag="952" ind1=" " ind2=" ">
    <subfield code="0">0</subfield>
    <subfield code="1">0</subfield>
    <subfield code="2">ddc</subfield>
    <subfield code="5">1</subfield>
    <subfield code="7">0</subfield>
    <subfield code="8">PD</subfield>
    <subfield code="a">BNPHU</subfield>
    <subfield code="b">BNPHU</subfield>
    <subfield code="c">CT</subfield>
    <subfield code="d">2025-02-05</subfield>
    <subfield code="e">Dep&#xF3;sito Legal</subfield>
    <subfield code="l">0</subfield>
    <subfield code="o">xxx M385c</subfield>
    <subfield code="p">2025-2259</subfield>
    <subfield code="r">2025-03-21</subfield>
    <subfield code="w">2025-03-21</subfield>
    <subfield code="y">LBS1</subfield>
  </datafield>
  <datafield tag="952" ind1=" " ind2=" ">
    <subfield code="0">0</subfield>
    <subfield code="1">0</subfield>
    <subfield code="2">ddc</subfield>
    <subfield code="5">1</subfield>
    <subfield code="7">0</subfield>
    <subfield code="8">PD</subfield>
    <subfield code="a">BNPHU</subfield>
    <subfield code="b">BNPHU</subfield>
    <subfield code="c">CT</subfield>
    <subfield code="d">2025-02-05</subfield>
    <subfield code="e">Dep&#xF3;sito Legal</subfield>
    <subfield code="l">0</subfield>
    <subfield code="o">xxx M385c</subfield>
    <subfield code="p">2025-2260</subfield>
    <subfield code="r">2025-03-21</subfield>
    <subfield code="t">e.2</subfield>
    <subfield code="w">2025-03-21</subfield>
    <subfield code="y">LBS1</subfield>
  </datafield>
  <datafield tag="952" ind1=" " ind2=" ">
    <subfield code="0">0</subfield>
    <subfield code="1">0</subfield>
    <subfield code="2">ddc</subfield>
    <subfield code="5">6</subfield>
    <subfield code="7">0</subfield>
    <subfield code="8">DS</subfield>
    <subfield code="a">BNPHU</subfield>
    <subfield code="b">BNPHU</subfield>
    <subfield code="c">CT</subfield>
    <subfield code="d">2025-02-05</subfield>
    <subfield code="e">Dep&#xF3;sito Legal</subfield>
    <subfield code="l">0</subfield>
    <subfield code="o">xxx M385c</subfield>
    <subfield code="p">2025-2261</subfield>
    <subfield code="r">2025-03-21</subfield>
    <subfield code="t">e.3</subfield>
    <subfield code="w">2025-03-21</subfield>
    <subfield code="y">LBS1</subfield>
  </datafield>
  <datafield tag="999" ind1=" " ind2=" ">
    <subfield code="c">58527</subfield>
    <subfield code="d">58527</subfield>
  </datafield>
</record>
